| 000 | 00641nam a22001937a 4500 | ||
|---|---|---|---|
| 999 |
_c169100 _d169100 |
||
| 005 | 20191105164655.0 | ||
| 010 | _aUR-10575 | ||
| 020 |
_c95.00 _a9789350072059 |
||
| 035 | _aU-9130 | ||
| 037 |
_bDBAD/PUB _a- |
||
| 082 | _a440 | ||
| 100 | _aا ين سی ای آ ر ٹی کيمپس | ||
| 245 |
_aا ر د و قو ا ءد ا و ر ا نشا _cا ين سی ای آ ر ٹی کيمپس |
||
| 246 |
_bUrdu Qawaeed Aur Insha (Urdu) _aNCERT |
||
| 260 |
_aN.Delhi _bNCERT _c2013 ء |
||
| 270 |
_aSri Arvind Marg, _bNew Delhi _e110016 _k011-26562708 _l- |
||
| 300 |
_a123 ص _c22 Cm(Hb) |
||
| 942 |
_2ddc _cUR _h440 _mا ر د |
||